000 00759aam a2200277 i 4500
001 768714001
003 CO-MdFUSB
005 20250508172355.0
007 ta
008 250508t1992 ck |||| |||| 00| 0 spa d
040 _cCO-MdFUSB
041 0 _aspa
082 0 4 _223
_a242
_bI116p
100 1 _aIafrancesco Villegas, Gino
_eautor
245 1 0 _aProvisiones de la cruz
_c/ Gino Iafrancesco V.
264 1 _bComunión Apostólica de la Iglesia Cristiana,
_aBogotá, Colombia :
_c[2002]
264 4 _c©2002
300 _a275 páginas
336 _atexto
_btxt
_2rdacontent
337 _2rdamedia
_asin mediación
_bn
338 _2rdacarrier
_avolumen
_bnc
563 _aPasta dura
650 7 _aCristología
_9239
942 _cBK
945 _aJTF-925
999 _c35480
_d35480